Vista normal Vista MARC

Entrada Corporate Name

Número de registros utilizados en: 2

001 - CONTROL NUMBER

  • control field: 37954

003 - CONTROL NUMBER IDENTIFIER

  • control field: OSt

005 - DATE AND TIME OF LATEST TRANSACTION

  • control field: 20210527113832.0

008 - FIXED-LENGTH DATA ELEMENTS

  • fixed length control field: 210527|| aca||aabn | a|a d

040 ## - CATALOGING SOURCE

  • Original cataloging agency: OSt
  • Transcribing agency: OSt

110 ## - HEADING--CORPORATE NAME

  • Corporate name or jurisdiction name as entry element: Duff & Phelps Credit Rating Co

670 ## - SOURCE DATA FOUND

  • Source citation: Work cat.: (OSt)7907: 15786, International future-flow securitization : , 1998